[Event "Let's Play Chess!"]
[Site "http://www.queenalice.com/game.php?id=1281481"]
[Date "2014.5.13"]
[Round "-"]
[White "Chessweed007"]
[Black "spawnwolfwolverine"]
[Result "1-0"]
[WhiteElo "1533"]
[BlackElo "1622"]

1. e4 e5 2. Nf3 d6 3. d4 exd4 4. Nxd4 Bd7 5. h3 g6 6. Nf3 Bh6 7. Bxh6 Nxh6 8.
Qd2 Ng8 9. Bc4 Nf6 10. Ng5 O-O 11. h4 a6 12. Nc3 b5 13. Bd5 Nxd5 14. Nxd5 Nc6
15. Qf4 Ne5 16. Nf6+ Kg7 17. Ngxh7 Rh8 18. h5 Rxh7 19. Nxh7 Kxh7 20. hxg6+ Kg7
21. Qh6+ Kf6 22. Qf4+ Kxg6 23. Qh6# 1-0

[Event "Let's Play Chess!"]
[Site "http://www.queenalice.com/game.php?id=1284277"]
[Date "2014.5.27"]
[Round "-"]
[White "charles31"]
[Black "Chessweed007"]
[Result "0-1"]
[WhiteElo "1574"]
[BlackElo "1496"]

1. e4 e5 2. Nf3 Nc6 3. a3 Bc5 4. Bc4 Nf6 5. d3 d5 6. exd5 Nxd5 7. h3 h6 8. Qd2
a6 9. Nc3 Be6 10. Na4 Ba7 11. g3 b5 12. Bxd5 Qxd5 13. Nc3 Qxf3 14. Rh2 Nd4 15.
b3 Bxb3 16. cxb3 Nxb3 17. Qb2 Nc5 18. Qc2 Nxd3+ 19. Kf1 Nxf2 20. Rxf2 Bxf2 21.
Ne4 Bd4+ 22. Ke1 Qh1+ 23. Ke2 Qh2+ 24. Kd3 Qxc2+ 25. Kxc2 Bxa1 0-1

[Event "AUTO-INT-2863"]
[Site "http://www.queenalice.com/game.php?id=1285760"]
[Date "2014.6.3"]
[Round "1"]
[White "Chessweed007"]
[Black "TIKAR"]
[Result "1-0"]
[WhiteElo "1603"]
[BlackElo "1724"]

1. e4 e5 2. Nf3 Nc6 3. d4 exd4 4. Nxd4 Nf6 5. Nxc6 bxc6 6. Qf3 Bc5 7. e5 Nd5 8.
Bc4 Bb7 9. Nc3 Rb8 10. Nxd5 cxd5 11. Bxd5 Bxd5 12. Qxd5 Rb5 13. Qd3 O-O 14. Qc4
c6 15. Bd2 1-0

[Event "AUTO-INT-2863"]
[Site "http://www.queenalice.com/game.php?id=1285761"]
[Date "2014.6.3"]
[Round "1"]
[White "TIKAR"]
[Black "Chessweed007"]
[Result "0-1"]
[WhiteElo "1703"]
[BlackElo "1624"]

1. e4 e5 2. Nf3 Nc6 3. Bc4 Nf6 4. Nc3 a6 5. d4 Bb4 6. O-O Bxc3 7. bxc3 d5 8.
exd5 Nxd5 9. Re1 Nxc3 10. Qd3 Nd5 11. dxe5 Ncb4 12. Bxd5 Qxd5 13. Qc3 Nc6 14. e6
Bxe6 0-1

[Event "AUTO-INT-2863"]
[Site "http://www.queenalice.com/game.php?id=1285762"]
[Date "2014.6.3"]
[Round "1"]
[White "Chessweed007"]
[Black "ALDROB"]
[Result "0-1"]
[WhiteElo "1502"]
[BlackElo "1761"]

1. e4 e5 2. Nf3 Nc6 3. d4 exd4 4. Nxd4 Bc5 5. Nxc6 bxc6 6. Qf3 Nf6 7. Bc4 O-O 8.
O-O d5 9. Rd1 Bg4 10. Qd3 Bxd1 11. Qxd1 Nxe4 12. Be3 dxc4 13. Qxd8 Rfxd8 14. Nc3
f5 15. Nd1 Bxe3 16. Nxe3 Rd2 17. Rf1 c3 18. b3 g6 19. f3 Nd6 20. Rd1 Re8 21. Re1
f4 0-1

[Event "AUTO-INT-2863"]
[Site "http://www.queenalice.com/game.php?id=1285763"]
[Date "2014.6.3"]
[Round "1"]
[White "ALDROB"]
[Black "Chessweed007"]
[Result "1-0"]
[WhiteElo "1735"]
[BlackElo "1569"]

1. d4 d5 2. c4 b6 3. Nc3 c6 4. Nf3 dxc4 5. e4 Nf6 6. Bxc4 e6 7. a3 b5 8. Ba2 Bb7
9. Bg5 c5 10. e5 h6 11. exf6 hxg5 12. fxg7 Bxg7 13. Nxb5 Qa5+ 14. Nc3 Bf6 15.
O-O Qc7 16. Qe2 cxd4 17. Nd5 Bxd5 18. Rac1 Qb7 19. Bxd5 Qxd5 20. Rc8+ Bd8 21.
Rd1 O-O 22. Rxd4 Qa5 23. Qe4 Qf5 24. Rcxd8 Rxd8 25. Rxd8+ Kg7 26. Qxf5 exf5 27.
Nxg5 Kg6 28. f4 f6 29. Ne6 Kf7 30. Nc7 Ke7 31. Rh8 Na6 32. Nxa8 Nc5 33. Rh7+ Ke6
34. Rxa7 Nd3 35. b4 Nxf4 36. b5 Nd5 37. b6 Nxb6 38. Nxb6 Kd6 39. Nc4+ Kd5 40.
Ne3+ Ke4 41. Nxf5 Kxf5 42. Kf2 1-0

[Event "AUTO-INT-2863"]
[Site "http://www.queenalice.com/game.php?id=1285764"]
[Date "2014.6.3"]
[Round "1"]
[White "Chessweed007"]
[Black "zmanomega"]
[Result "1-0"]
[WhiteElo "1600"]
[BlackElo "1596"]

1. e4 Nf6 2. e5 Nd5 3. Qf3 e6 4. Nh3 Nc6 5. Ng5 Qxg5 6. h4 Qxe5+ 7. Be2 Nf4 8.
c3 d5 9. d4 Qf5 10. Bxf4 e5 11. Qe3 f6 12. Nd2 Qc2 13. Rb1 Be7 14. dxe5 f5 15.
Bd1 Qxb1 16. Nxb1 Be6 17. Bg5 h6 18. Bxe7 Nxe7 19. Ba4+ c6 20. Qc5 Bf7 21. O-O
g5 22. Re1 gxh4 23. e6 Bg6 24. Qd6 Rd8 25. Qe5 Rf8 26. Qg7 Bh5 27. Qxh6 Bg6 28.
Qxh4 b5 29. Bd1 Ra8 30. Bh5 a5 31. Bxg6+ Nxg6 32. Qh5 Rg8 33. Qh7 Ne7 34. Nd2
Kd8 35. Nf3 b4 36. Ne5 Kc7 37. Qxe7+ Kb6 38. Nd7+ Ka6 39. cxb4 Rge8 40. Nc5+ Kb5
41. Qb7+ Kc4 42. Rc1+ Kd4 43. Nb3+ Ke5 44. Rxc6 1-0

[Event "AUTO-INT-2863"]
[Site "http://www.queenalice.com/game.php?id=1285765"]
[Date "2014.6.3"]
[Round "1"]
[White "zmanomega"]
[Black "Chessweed007"]
[Result "0-1"]
[WhiteElo "1569"]
[BlackElo "1515"]

1. e4 e5 2. Bc4 Nf6 3. f3 d5 4. Bd3 dxe4 5. fxe4 Bg4 6. Be2 Qd4 7. d3 Bc5 8. Nf3
Bxf3 9. gxf3 Qf2+ 10. Kd2 Be3+ 11. Kc3 Bxc1 12. Na3 Qd4+ 13. Kb3 Qxb2+ 14. Kc4
Qxa1 15. Nb5 Qxa2+ 16. Kc3 Bb2+ 17. Kd2 Qa5+ 0-1

[Event "Let's Play Chess!"]
[Site "http://www.queenalice.com/game.php?id=1287281"]
[Date "2014.6.11"]
[Round "-"]
[White "Chessweed007"]
[Black "carlosufpe"]
[Result "1-0"]
[WhiteElo "1565"]
[BlackElo "1657"]

1. e4 d6 2. d4 g6 3. h3 Bg7 4. Nf3 Nf6 5. Nc3 O-O 6. e5 dxe5 7. Nxe5 Nbd7 8.
Nxd7 Bxd7 9. Be2 c6 10. Bc4 e6 11. O-O a6 12. Re1 b5 13. Bd3 Qb6 14. Be3 Qc7 15.
f4 Nh5 16. Qf3 f5 17. a3 Bh6 18. g4 fxg4 19. Qxg4 e5 20. f5 exd4 21. Bxh6 Rfe8
22. Rxe8+ Rxe8 23. Ne2 c5 24. Qg2 Kh8 25. fxg6 Rg8 26. Rf1 Qd6 27. Rf8 Rxf8 28.
g7+ 1-0

[Event "Challenge"]
[Site "http://www.queenalice.com/game.php?id=1287452"]
[Date "2014.6.11"]
[Round "-"]
[White "billaus"]
[Black "Chessweed007"]
[Result "0-1"]
[WhiteElo "1559"]
[BlackElo "1553"]

1. e4 e5 2. Nf3 Nc6 3. d4 exd4 4. Nxd4 Nxd4 5. Qxd4 Qe7 6. Be2 a6 7. Nc3 Qb4 8.
Qe5+ Kd8 9. O-O d6 10. Qg5+ Ne7 11. Nd5 Qxe4 12. c4 Qxe2 13. b3 c6 14. Nb6 h6
15. Qf4 Rb8 16. Nxc8 Nxc8 17. Qxf7 Qe7 18. Qf3 Na7 19. Ba3 b5 20. cxb5 axb5 21.
h3 Kc7 22. Rad1 Rd8 23. Rfe1 Qf6 24. Qg3 c5 25. b4 c4 26. Bc1 Nc6 27. Bf4 Nxb4
28. Rb1 Nd3 29. Red1 Nxf4 30. Rxb5 Ne2+ 31. Kh2 Nxg3 0-1

[Event "Challenge"]
[Site "http://www.queenalice.com/game.php?id=1287458"]
[Date "2014.6.11"]
[Round "-"]
[White "Chessweed007"]
[Black "Ricardoabreu"]
[Result "1-0"]
[WhiteElo "1585"]
[BlackElo "1559"]

1. e4 b6 2. d4 Ba6 3. Bxa6 Nxa6 4. c3 g6 5. e5 Bg7 6. Qe2 Nb8 7. Qf3 c6 8. Nd2
b5 9. b4 Na6 10. Nh3 d6 11. Qxc6+ Kf8 12. Qxa6 Qd7 13. Ne4 dxe5 14. Nc5 Qe8 15.
d5 e4 16. Nxe4 f5 17. Neg5 Bxc3+ 18. Bd2 Bxa1 19. Ne6+ Kf7 20. Nhg5+ Kf6 21.
Nc7+ Kg7 22. Nxe8+ Rxe8 23. Qxb5 Nf6 24. Ne6+ Kf7 25. O-O Rb8 26. Qa5 Rhc8 27.
Rxa1 Ra8 28. a3 Rc2 29. Bh6 Rac8 30. Qa6 Ng4 31. Ng5+ Kg8 32. Qe6+ Kh8 33. Nf7+
1-0

[Event "AUTO-INT-2876"]
[Site "http://www.queenalice.com/game.php?id=1292014"]
[Date "2014.7.2"]
[Round "1"]
[White "Karjaking"]
[Black "Chessweed007"]
[Result "1-0"]
[WhiteElo "1886"]
[BlackElo "1627"]

1. d4 d5 2. Nc3 e6 3. e4 dxe4 4. Nxe4 Nc6 5. Nf3 Nf6 6. Bg5 Be7 7. Bxf6 gxf6 8.
Bb5 Qd5 9. Bxc6+ Qxc6 10. Qd3 Qb6 11. b3 Qa5+ 12. Ke2 Bd7 13. c4 Qh5 14. Ng3 Qg6
15. Qxg6 fxg6 16. Rhe1 Bb4 17. Red1 c6 18. a3 Bd6 19. Re1 Bxg3 20. hxg3 h5 21.
Kf1 g5 22. d5 cxd5 23. cxd5 e5 24. Rac1 Rc8 25. Rxc8+ Bxc8 26. Rc1 Kd7 27. Nd2
Kd6 28. Ne4+ Kxd5 29. Nxf6+ Kd4 30. Rc4+ Kd3 31. Ne4 1-0

[Event "AUTO-INT-2876"]
[Site "http://www.queenalice.com/game.php?id=1292015"]
[Date "2014.7.2"]
[Round "1"]
[White "Chessweed007"]
[Black "Karjaking"]
[Result "0-1"]
[WhiteElo "1631"]
[BlackElo "1920"]

1. e4 e6 2. d4 d5 3. e5 c5 4. b3 Nc6 5. Nf3 Qb6 6. Be3 Bd7 7. dxc5 Qc7 8. Bd4
Nxd4 9. Qxd4 Bxc5 10. Qg4 O-O-O 11. Qxg7 Ne7 12. Qxf7 Bb4+ 13. Ke2 Qxc2+ 14.
Nbd2 Bxd2 15. Nxd2 Bb5+ 16. Ke1 Bxf1 17. Rxf1 Nf5 18. Ke2 Nd4+ 19. Ke3 Qc3+ 20.
Kf4 Rhf8 21. Qxf8 Rxf8+ 22. Kg4 Qxd2 23. g3 Qh6 24. Rac1+ Kb8 25. Rcd1 Rg8# 0-1

[Event "AUTO-INT-2876"]
[Site "http://www.queenalice.com/game.php?id=1292030"]
[Date "2014.7.2"]
[Round "1"]
[White "ORNELAS"]
[Black "Chessweed007"]
[Result "1-0"]
[WhiteElo "1638"]
[BlackElo "1627"]

1. e4 e5 2. Bc4 Nf6 3. d3 d5 4. exd5 Nxd5 5. Nf3 h6 6. Nxe5 Qg5 7. Bxg5 hxg5 8.
Bxd5 Bd6 9. Qf3 f6 10. Bf7+ Ke7 11. Qd5 Bxe5 12. Bg6 Be6 13. Qxb7 Nd7 14. Qb4+
Bd6 15. Qa5 Rhb8 16. O-O Rxb2 17. c4 f5 18. Bxf5 c5 19. Bxe6 Kxe6 20. Nc3 Be5
21. Nd5 Rb7 22. Qa6+ Rb6 23. Nxb6 Nxb6 24. Rae1 g6 25. Qb5 Kd6 26. Re4 Bc3 27.
Rc1 Bd4 28. Re8 g4 29. Rxa8 Nxa8 30. Qb7 Nc7 31. Qxa7 Ne6 32. Qb8+ Ke7 33. Qb7+
Kf6 34. Qe4 Ng5 35. Qxg4 Be5 36. Re1 Ne6 37. Qh4+ g5 38. Qe4 1-0

[Event "AUTO-INT-2876"]
[Site "http://www.queenalice.com/game.php?id=1292031"]
[Date "2014.7.2"]
[Round "1"]
[White "Chessweed007"]
[Black "ORNELAS"]
[Result "1-0"]
[WhiteElo "1611"]
[BlackElo "1621"]

1. e4 d5 2. exd5 Qxd5 3. Nc3 Qe5+ 4. Qe2 Qxe2+ 5. Bxe2 Bf5 6. Nd5 Kd8 7. d3 e6
8. Ne3 Bb4+ 9. c3 Bc5 10. Nxf5 Nc6 11. Nxg7 Ne5 12. d4 Bxd4 13. cxd4 Nc6 14. Bf3
Nxd4 15. Bxb7 Nc2+ 16. Kd1 Nxa1 17. Bxa8 Nf6 18. f3 Rg8 19. Bg5 Kc8 20. Bxf6 Kb8
21. Be4 h6 22. f4 Kc8 23. Nf3 Kd7 24. Ne5+ Kd6 25. Nxf7+ Kd7 26. Nxh6 Rf8 27.
Be5 Rb8 28. Kd2 Rb4 29. Rxa1 Rxe4 30. Re1 Rxe1 31. Kxe1 c5 32. h4 c4 33. g4 a5
34. g5 a4 35. Nh5 Kc6 36. g6 Kd5 37. g7 Ke4 38. g8=Q Kd3 39. Qd8+ Ke4 40. Qd4+
Kf3 41. Nf6 Kg3 42. f5+ Kf3 43. Qe4# 1-0

[Event "AUTO-INT-2876"]
[Site "http://www.queenalice.com/game.php?id=1292040"]
[Date "2014.7.2"]
[Round "1"]
[White "Franzel"]
[Black "Chessweed007"]
[Result "1-0"]
[WhiteElo "2045"]
[BlackElo "1643"]

1. d4 d5 2. c4 b6 3. cxd5 Qxd5 4. Nc3 Qb7 5. Nf3 Bg4 6. e3 Bxf3 7. Qxf3 Qxf3 8.
gxf3 e6 9. Bd3 Bb4 10. Bd2 a6 11. a3 Bxc3 12. Bxc3 Ne7 13. e4 O-O 14. O-O-O a5
15. Rhg1 Ng6 16. d5 exd5 17. exd5 Nd7 18. f4 Nc5 19. Bc2 f5 20. Be5 Rac8 21. h4
Nxe5 22. fxe5 g6 23. f4 a4 24. h5 Kg7 25. Rg5 Kf7 26. Rdg1 Rg8 27. hxg6+ hxg6
28. Bxf5 Rcf8 29. Bxg6+ Kg7 30. Bh5+ Kh8 31. Rxg8+ Rxg8 32. Rxg8+ Kxg8 33. d6
cxd6 34. exd6 Nd3+ 35. Kc2 Nxf4 36. Bg4 Kf8 37. Kc3 Nd5+ 38. Kd4 Nf6 39. Bf5 Ke8
40. Ke5 Nd7+ 41. Bxd7+ Kd8 42. Bxa4 b5 43. Bxb5 1-0

[Event "AUTO-INT-2876"]
[Site "http://www.queenalice.com/game.php?id=1292041"]
[Date "2014.7.2"]
[Round "1"]
[White "Chessweed007"]
[Black "Franzel"]
[Result "0-1"]
[WhiteElo "1605"]
[BlackElo "1983"]

1. Nf3 Nf6 2. Nc3 Nc6 3. e4 e5 4. d4 d6 5. h3 exd4 6. Nxd4 Nxd4 7. Qxd4 Be7 8.
g4 h6 9. Bf4 a6 10. b4 b5 11. Nd5 Bb7 12. c4 Nxd5 13. cxd5 Bf6 14. e5 dxe5 15.
Bxe5 Qe7 16. f4 O-O-O 17. Bg2 Bxe5 18. fxe5 Rhe8 19. e6 fxe6 20. d6 Bxg2 21. Rh2
Rxd6 22. Qc3 Qh4+ 23. Ke2 Be4 24. Rc1 Rc6 25. Qd2 Rxc1 26. Qxc1 Qg5 27. Qxg5
hxg5 28. Rf2 Kd7 29. Rf7+ Re7 30. Rf1 Bg2 31. Rf2 Bxh3 32. Kf3 Rf7+ 33. Kg3 Rxf2
34. Kxf2 Bxg4 0-1

[Event "Let's Play Chess!"]
[Site "http://www.queenalice.com/game.php?id=1293279"]
[Date "2014.7.8"]
[Round "-"]
[White "Chessweed007"]
[Black "charles31"]
[Result "0-1"]
[WhiteElo "1616"]
[BlackElo "1732"]

1. e4 e5 2. Nf3 d6 3. Nc3 a6 4. d4 exd4 5. Nxd4 h6 6. Bc4 Bd7 7. Qf3 Nf6 8. h3
Nc6 9. Nxc6 Bxc6 10. Be3 Qd7 11. Rd1 O-O-O 12. Nd5 Bxd5 13. exd5 Qa4 14. Bb3
Qb4+ 15. Bd2 Qb5 16. c4 Qd7 17. Bc2 Re8+ 18. Be3 Qe7 19. O-O Qe5 20. Bd4 Qg5 21.
Bf5+ Kb8 0-1

[Event "Checker"]
[Site "http://www.queenalice.com/game.php?id=1298175"]
[Date "2014.7.30"]
[Round "1"]
[White "Chessweed007"]
[Black "Nille"]
[Result "0-1"]
[WhiteElo "1641"]
[BlackElo "1792"]

1. e4 e5 2. Nf3 d6 3. Bc4 h6 4. d4 exd4 5. Nxd4 Nf6 6. h3 Be7 7. Qf3 c5 8. Nb3
Nc6 9. e5 Nxe5 10. Bb5+ Bd7 11. Bxd7+ Qxd7 12. Qg3 Nh5 13. Qc3 b6 14. f4 Bh4+
15. Kd1 Ng3 16. Re1 O-O 17. fxe5 dxe5+ 18. Bd2 e4 19. Qe3 Rae8 20. Nc3 f5 21.
Qg1 f4 22. Qf2 e3 0-1